Logo BPK

Biblioteka

Politechniki Koszalińskiej

Materiały IX Międzynarodowego Kongresu Bałtyckiego Parlamentu Ekologicznego : (Rekord nr 30904)

Szczegóły MARC
000 -ETYKIETA REKORDU
podpole kontrolne o stałej długości 01175nam a2200289 i 4500
001 - NUMER KONTROLNY REKORDU
pole kontrolne bg
020 ## - MIĘDZYNARODOWY ZNORMALIZOWANY NUMER KSIĄŻKI - ISBN
ISBN 8386670797
040 ## - ŹRÓDŁO KATALOGOWANIA
Instytucja, która utworzyła rekord BPK
041 1# - KOD JĘZYKA
Kod języka tekstu plen
080 ## - UNIWERSALNA KLASYFIKACJA DZIESIĘTNA - UKD
UKD 504.05:614.7](061.3):539.16:621.311:621.039(477)(061.3)
920 ## - Międzynarodowy znormalizowany numer książki – ISBN
ISBN 83-86670-79-7
008 - POLE O STAŁEJ DŁUGOŚCI - DANE KONTROLNE
podpole kontrolne o stałej długości s pl f |000 0 pol
245 00 - TYTUŁ/ODPOWIEDZIALNOŚĆ
Tytuł Materiały IX Międzynarodowego Kongresu Bałtyckiego Parlamentu Ekologicznego :
Ciąg dalszy tytułu Darłowo - Gdańsk, 20-22.X. /
Pozostałe elementy strefy tytułu i oznaczenia odpowiedzialności pod red. Jerzego Jaśkowskiego ; Bałtycka Wyższa Szkoła Humanistyczna
Oznaczenie części/sekcji dzieła 995 r.
246 14 - WARIANT TYTUŁU
Tytuł Bałtyckie Forum Ekologiczne, 9
260 ## - STREFA ADRESU WYDAWNICZEGO
Miejsce wydania Koszalin ;
-- Gdańsk :
Nazwa wydawcy/dystrybutora BWSH,
Data publikacji, dystrybucji/powstania dokumentu 1996.
300 ## - STREFA OPISU FIZYCZNEGO
Objętość 244, [1] s. :
Inne cechy fizyczne mapy, rys., wykr. ;
Rozmiary 21 cm.
500 ## - UWAGI OGÓLNE
Tekst uwagi Tyt. okł. : IX Bałtyckie Forum Ekologiczne 1995. - Tekst częśc. ang.
504 ## - UWAGA DOTYCZĄCA BIBLIOGRAFII
Informacje o bibliografii Bibliogr., Summ. przy ref.
650 #9 - HASŁO PRZEDMIOTOWE W FORMIE NAZWY OGÓLNEJ LUB JEDNOSTKOWEJ
Nazwa ogólna lub geograficzna Promieniowanie jonizujące
Określnik ogólny bezpieczeństwo
650 #9 - HASŁO PRZEDMIOTOWE W FORMIE NAZWY OGÓLNEJ LUB JEDNOSTKOWEJ
Nazwa ogólna lub geograficzna Środowisko człowieka
Określnik ogólny ochrona
651 #9 - HASŁO PRZEDMIOTOWE W FORMIE NAZWY GEOGRAFICZNEJ
Nazwa geograficzna Bałtyckie kraje
Określnik ogólny higiena
651 #9 - HASŁO PRZEDMIOTOWE W FORMIE NAZWY GEOGRAFICZNEJ
Nazwa geograficzna Czarnobyl
Określnik ogólny elektrownia jądrowa
655 ## - TERMIN INDEKSOWY - OKREŚLENIE RODZAJU/FORMY DOKUMENTU
Określenie rodzaju/formy dokumentu Materiały konferencyjne
700 1# - HASŁO DODATKOWE - NAZWA OSOBOWA
Nazwa osobowa JAŚKOWSKI, Jerzy.
Określenie związku między hasłem a opisywanym materiałem Red.
711 2# - HASŁO DODATKOWE - NAZWA IMPREZY
Nazwa imprezy Bałtyckie Forum Ekologiczne
Oznaczenie części/sekcji dzieła (IX ;
Data imprezy 1995 ;
Miejsce imprezy Darłowo - Gdańsk)
856 ## - LOKALIZACJA I DOSTĘP DO ELEKTRONICZNYCH DOKUMENTÓW ZDALNYCH
Link (URL) http://koha.tu.koszalin.pl/cgi-bin/koha/opac-detail.pl?biblionumber=30904
Tekst linku Katalog online BPK
942 ## - DODATKOWE ELEMENTY (KOHA)
Typ dokumentu Książka
Egzemplarze
Wycofany Status egzemplarza Uszkodzony Dostępność Lokalizacja stała Lokalizacja bieżąca Miejsce przechowywania Sygnatura Kod kreskowy Dział Typ dokumentu
      Tylko na miejscu Biblioteka Politechniki Koszalińskiej Biblioteka Politechniki Koszalińskiej Czytelnia BG 37842 02115511 504 Zagrożenia środowiska Książka
      Dostępny Biblioteka Politechniki Koszalińskiej Biblioteka Politechniki Koszalińskiej Wypożyczalnia BG 37844 01071092   Książka
      Dostępny Biblioteka Politechniki Koszalińskiej Biblioteka Politechniki Koszalińskiej Wypożyczalnia BG 37845 01071108   Książka
      Tylko na miejscu Czytelnia Wydziału Elektroniki i Informatyki, Wydziału Architektury i Wzornictwa, Wydziału Inżynierii Mechanicznej i Energetyki oraz Wydziału Inżynierii Lądowej, Środowiska i Geodezji Czytelnia Wydziału Elektroniki i Informatyki, Wydziału Architektury i Wzornictwa, Wydziału Inżynierii Mechanicznej i Energetyki oraz Wydziału Inżynierii Lądowej, Środowiska i Geodezji Czytelnia Wydziałowa ul. Śniadeckich 2 37843 02228372 504.61 Szkodliwy wpływ działalności ludzkiej na środowisko Książka
© 2023 Biblioteka Politechniki Koszalińskiej :: KOHA